00670nam a2200217Ia 4500003000400000005001700004008004100021040000700062041000800069082002100077100001900098245003600117260005100153300001700204365000800221650004700229906003700276942001200313999001900325952010800344OSt20230525112124.0210423s1984 xx 000 0 und d cAL aeng a362.1 223bNIPG aNIPCCD9113676 aGuidebook for anganwadi workers bNational Institute of Public Cooperationc1984 aviii,184bHB cINR aSocial Welfare Problems & Services9113677 aanganwadi ; Guidebook ; workers. 2ddccBK c173148d173148 001040708MSWaSACPGbSACPGd2002-08-06l0o362.1 NIPGpPG019727r2022-08-24 00:00:00w2021-04-26yBK